00316 2200145 4500245003900000250001100039100001800050650001000068005001900078260002000097041001400117084001000131300002000141336000900161 aGood Bye TimecRico YamanakahText aCet. 1 aRico Yamanaka aKomik a20230202092251 bAM Comicsc2008 aIndonesia a741.5 ailus. :c17 cm. atext